La impostura (Registro nro. 9571)
[ vista simple ]
| 000 -CABECERA | |
|---|---|
| Longitud fija campo de control | 01764nam a2200325 a 4500 |
| 003 - • IDENTIFICADOR DELl NÚMERO DE CONTROL | |
| Identificador del número de control | CO-ViMGA |
| 005 - • FECHA Y HORA DE LA ÚLTIMA TRANSACCIÓN | |
| Fecha y hora de la última transacción | 20230915233132.0 |
| 008 - • CÓDIGOS DE INFORMACIÓN DE LONGITUD FIJA | |
| Códigos de información de longitud fija | 100308s2006 ck gr 0001fdspa d |
| 020 ## - • NÚMERO INTERNACIONAL NORMALIZADO PARA LIBROS | |
| Número Internacional Normalizado para Libros (ISBN) | 9588293138 |
| 020 ## - • NÚMERO INTERNACIONAL NORMALIZADO PARA LIBROS | |
| Número Internacional Normalizado para Libros (ISBN) | 9789588293134 |
| 040 ## - FUENTE DE LA CATALOGACIÓN | |
| Centro catalogador de origen | CO-ViMGA |
| Lengua de catalogación | spa |
| Centro transcriptor | CO-ViMGA |
| 041 1# - • CÓDIGO DE LENGUA | |
| Código de lengua original | eng |
| 100 10 - • PUNTO DE ACCESO PRINCIPAL-NOMBRE DE PERSONA | |
| Nombre de persona | Castellanos, Julio J. |
| 245 13 - • TITULO PROPIAMENTE DICHO | |
| Título | La impostura |
| Resto del título | |
| Mención de responsabilidad, etc. | Julio J. Castellanos ; traduccion del ingles Paulina Gm̤ez |
| 250 ## - • MENCIÓN DE EDICIÓN | |
| Mención de edición | 1a. edicin̤ |
| 300 ## - • DESCRIPCIÓN FÍSICA | |
| Extensión | 527 pg̀inas |
| Dimensiones | 21 cm. |
| 490 ## - • MENCIÓN DE SERIE | |
| Mención de serie | Coleccion̤ plateada. Interes general |
| 490 ## - • MENCIÓN DE SERIE | |
| Mención de serie | Villegas. Novela policiaca |
| 500 ## - • NOTA GENERAL | |
| Nota general | Donacion Villegas Editores |
| 520 3# - • NOTA DE RESUMEN | |
| Resumen, etc, | Los metodos en absoluto convencionales de Felipe McQuinn, agente encubierto de la CIA, son requeridos nuevamente. En esta oportunidad, McQuinn y el equipo paramilitar de la Central de Inteligencia Americana contarǹ tan sl̤o con tres da̕s para ponerle freno a una situacin̤ que se est c̀onvirtiendo en una conflagracin̤ sin precedentes entre dos de las ms̀ grandes potencias del siglo XXI: la Repb͠lica Popular de China y los Estados Unidos. Esta nueva obra de Julio J. Castellanos, que contiene elementos de la novela negra, es la segunda entrega de la exitosa saga de McQuinn. Desde luego, se trata de un libro que se lee de un tiron, sin respiro, y que ademas toca los temas ms̀ representativos que lideran los titulares de la actualidad mundial. |
| 534 ## - • Nota De Versión Original | |
| Título | McQuinn. |
| 650 14 - • PUNTO DE ACCESO ADICIONAL DE MATERIA - TÉRMINO DE MATERIA | |
| Término de materia o nombre geográfico como elemento inicial | Espias en la literatura |
| Fuente del encabezamiento o término | LEMB |
| 650 14 - • PUNTO DE ACCESO ADICIONAL DE MATERIA - TÉRMINO DE MATERIA | |
| Término de materia o nombre geográfico como elemento inicial | Espionaje |
| Subdivisión de forma | Novela |
| Fuente del encabezamiento o término | LEMB |
| 650 14 - • PUNTO DE ACCESO ADICIONAL DE MATERIA - TÉRMINO DE MATERIA | |
| Término de materia o nombre geográfico como elemento inicial | Novela cubana |
| Fuente del encabezamiento o término | LEMB |
| 650 14 - • PUNTO DE ACCESO ADICIONAL DE MATERIA - TÉRMINO DE MATERIA | |
| Término de materia o nombre geográfico como elemento inicial | Novela policiaca cubana |
| Fuente del encabezamiento o término | LEMB |
| 700 10 - • PUNTO DE ACCESO ADICIONAL - NOMBRE DE PERSONA | |
| Nombre de persona | Gm̤ez, Paulina, |
| Término indicativo de función | traductor |
| 942 ## - ENTRADA DE ELEMENTOS AGREGADOS (KOHA) | |
| Fuente de clasificaión o esquema | Dewey Decimal Classification |
| Koha [por defecto] tipo de item | LIbro |
| Perdido | Fuente de clasificación o esquema | Estado Físico | No para préstamo | Forma de adquisición | Localización permanente | Localización actual | Localización en estanterías | Fecha adquisición | Préstamos totales | Signatura completa | Código de barras | Fecha última consulta | Número de copia | Fecha del precio de reemplazo | Tipo de item de Koha | Note pública | Fuente de adquisición |
|---|---|---|---|---|---|---|---|---|---|---|---|---|---|---|---|---|---|
| Dewey Decimal Classification | Colección General | Biblioteca Pública Cubarral | Biblioteca Pública Cubarral | Literatura | 07/27/2023 | N CASL1 | CUB01232 | 07/27/2023 | Ej.1 | 07/27/2023 | Libro Literatura | ||||||
| Dewey Decimal Classification | Colección General | Biblioteca Pública Fuentedeoro - Henry Llanos García | Biblioteca Pública Fuentedeoro - Henry Llanos García | Literatura | 07/13/2023 | N CASL1 | Fo00001283 | 07/13/2023 | Ej.1 | 07/13/2023 | Libro Literatura | ||||||
| Dewey Decimal Classification | Colección General | Biblioteca Pública Lejanias | Biblioteca Pública Lejanias | General | 02/05/2026 | LEJ02211 | 02/05/2026 | Ej.1 | 02/05/2026 | LIbro | |||||||
| Dewey Decimal Classification | Colección General | Biblioteca Pública Puerto Lleras | Biblioteca Pública Puerto Lleras | Literatura | 02/06/2025 | N CASL1 | PLL01913 | 02/06/2025 | Ej.1 | 02/06/2025 | Libro Literatura | ||||||
| Dewey Decimal Classification | Colección General | Biblioteca Pública San Carlos de Guaroa - Eduardo Carranza | Biblioteca Pública San Carlos de Guaroa - Eduardo Carranza | Literatura | 02/06/2024 | N CASL1 | SG01380 | 02/06/2024 | Ej.1 | 02/06/2024 | LIbro | ||||||
| Dewey Decimal Classification | Colección General | Biblioteca Pública El Castillo - Alfonso Meneses | Biblioteca Pública El Castillo - Alfonso Meneses | Literatura | 07/06/2023 | N CASL1 | EC02039 | 07/06/2023 | Ej.1 | 07/06/2023 | Libro Literatura | ||||||
| Literatura General | Biblioteca Pública Departamental Eduardo Carranza - Villavicencio | Biblioteca Pública Departamental Eduardo Carranza - Villavicencio | Literatura | 03/11/2016 | N CAS17i | ECA10455 | 11/26/2024 | Ej.1 | 11/26/2024 | LIbro | 18718 | 23900 | ||||||
| Dewey Decimal Classification | Sala General Segundo Piso | Biblioteca Pública Germán Arciniegas - Villavicencio | Biblioteca Pública Germán Arciniegas - Villavicencio | 05/24/2016 | N CASL1 | 30073 | 05/24/2016 | Ej. 1 | 05/24/2016 | LIbro | |||||||
| Dewey Decimal Classification | Literatura General | Biblioteca Pública Granada - Boca del Monte | Biblioteca Pública Granada - Boca del Monte | Literatura | 02/19/2026 | N CASL1 | GRDA05014 | 02/19/2026 | Ej.1 | 02/19/2026 | LIbro | BIBLIOTECA NACIONAL | |||||
| Dewey Decimal Classification | Colección General | Biblioteca Pública Guamal | Biblioteca Pública Guamal | Literatura | 05/18/2023 | N CASL1 | GUA003578 | 05/18/2023 | Ej.1 | 05/18/2023 | Libro Literatura | ||||||
| Dewey Decimal Classification | Colección General | Biblioteca Pública La Macarena | Biblioteca Pública La Macarena | Literatura | 01/23/2024 | N CASL1 | LM00733 | 01/23/2024 | Ej.1 | 01/23/2024 | LIbro |